000 00672nam a2200253Ia 4500
005 20250425162355.0
008 250425s9999 xx 000 0 und d
020 _a139789681850424
041 _aspa
082 _a532
100 _aMUNSON, BRUCE R
245 0 _aFUNDAMENTOS DE MECANICA DE FLUIDOS
250 _a1A ED.
260 _aMEXICO
260 _aMéxico
_bLUMISA WILEY
_c2007
300 _a863
500 _aLIBRO PERDIDO INV. D-65138 ES REEMPLAZADO POR EL INV. 65760 (PERDIDO /PAGADO)
650 _aCINEMATICA
650 _aESTATICA DE FLUIDOS
650 _aMECANICA DE FLUIDOS
650 _aTURBOMAQUINARIA
942 _c01
010 _a66826
999 _c227914
_d227914